¡Piiii! / (Registro nro. 9083)

Detalles MARC
000 -LEADER
fixed length control field 00970nam a2200337 4500
001 - CONTROL NUMBER
control field 0000335840
003 - CONTROL NUMBER IDENTIFIER
control field DO-SdBNP
005 - DATE AND TIME OF LATEST TRANSACTION
control field 20180326142537.0
007 - PHYSICAL DESCRIPTION FIXED FIELD--GENERAL INFORMATION
fixed length control field 0000335840
008 - FIXED-LENGTH DATA ELEMENTS--GENERAL INFORMATION
fixed length control field 921118s1990 sp | | spa d
016 7# - NATIONAL BIBLIOGRAPHIC AGENCY CONTROL NUMBER
Record control number
Canceled/invalid record control number
Source BPMSU
017 ## - COPYRIGHT OR LEGAL DEPOSIT NUMBER
Copyright or legal deposit number
Assigning agency
020 ## - INTERNATIONAL STANDARD BOOK NUMBER
International Standard Book Number 8434827492
035 ## - SYSTEM CONTROL NUMBER
System control number
040 ## - CATALOGING SOURCE
Original cataloging agency BPMSU
Language of cataloging spa
Transcribing agency BPMSU
080 #4 - UNIVERSAL DECIMAL CLASSIFICATION NUMBER
Universal Decimal Classification number
100 1# - MAIN ENTRY--PERSONAL NAME
Personal name Armijo, Consuelo,
Dates associated with a name 1940-
245 11 - TITLE STATEMENT
Title ¡Piiii! /
Statement of responsibility, etc. Consuelo Armijo ; ilustraciones de Antonio Tello.
Medium
250 ## - EDITION STATEMENT
Edition statement 2ª ed.
260 ## - PUBLICATION, DISTRIBUTION, ETC. (IMPRINT)
Place of publication, distribution, etc. Madrid :
Name of publisher, distributor, etc. SM,
Date of publication, distribution, etc. 1990.
300 ## - PHYSICAL DESCRIPTION
Extent 62 p. :
Other physical details il. ;
Dimensions 19 cm.
490 1# - SERIES STATEMENT
Series statement El barco de vapor
Volume/sequential designation 158
490 1# - SERIES STATEMENT
Series statement Serie blanca
Volume/sequential designation 26
586 ## - AWARDS NOTE
Awards note Premio Nacional a la mejor labor editorial en literatura infantil y juvenil, 1982
700 1# - ADDED ENTRY--PERSONAL NAME
Personal name Tello, Antonio
Dates associated with a name 1951-
830 #0 - SERIES ADDED ENTRY--UNIFORM TITLE
Uniform title El barco de vapor
Volume number/sequential designation 158
830 #0 - SERIES ADDED ENTRY--UNIFORM TITLE
Uniform title Serie blanca
Volume number/sequential designation 26
942 ## - ADDED ENTRY ELEMENTS (KOHA)
Source of classification or shelving scheme Dewey Decimal Classification
Koha item type Libros
945 ## - LOCAL PROCESSING INFORMATION (OCLC)
a Inventariado, 2018 /LP
956 ## - LOCAL ELECTRONIC LOCATION AND ACCESS (OCLC)
Host name VMATEO
Access number 10
Compression information 20151209
Processor of request BPMSU
Path 00151
Existencias
Withdrawn status Lost status Source of classification or shelving scheme Damaged status Not for loan Collection code Home library Current library Date acquired Source of acquisition Total Checkouts Barcode Date last seen Price effective from Koha item type
    Dewey Decimal Classification     Colección Infantil General Biblioteca Pública Metropolitana Salomé Ureña Biblioteca Pública Metropolitana Salomé Ureña 12/09/2015 FUNDI   BPMSU15120121 12/09/2015 12/09/2015 Libros